| 000 | 00811nam a2200253 a 4500 | ||
|---|---|---|---|
| 008 | |||
| 020 | _a1853128236 (cased) | ||
| 049 | _aMAIN | ||
| 090 | _aHE305 | ||
| 245 | 1 | 0 |
_aUrban transport VI : _burban transport and the environment for the 21st century / _cedited by L Sucharov and C. A. Brebbia. |
| 260 |
_aBoston : _bWITpress, _c2000 |
||
| 300 |
_axi, 544 p. : _bill., maps ; _c24cm. |
||
| 504 | _aIncludes bibliographical references. | ||
| 500 | _aIncludes index. | ||
| 650 |
_aUrban transportation _xEnvironmental aspects. |
||
| 650 | _aUrban transportation. | ||
| 700 | _aBrebbia, C.A. | ||
| 700 | _aSucharov, L. | ||
| 907 |
_a.b10085270 _b22-05-13 _c30-07-03 |
||
| 003 | |||
| 005 | 20230123133355.0 | ||
| 040 | _cNUST | ||
| 942 |
_cBOOKS _kHE305 |
||
| 999 |
_c147496 _d147496 |
||